Τραπεζικό δίκαιο : δίκαιο τραπεζικών συμβάσεων

Αποθηκεύτηκε σε:
Λεπτομέρειες βιβλιογραφικής εγγραφής
Κύριος συγγραφέας: Ψυχομάνης, Σπύρος Δ.
Μορφή: Βιβλίο
Γλώσσα:Greek
Δημοσίευση: Αθήνα : Σάκκουλα, 2008
Έκδοση:6η έκδ.
Θέματα:
Ετικέτες: Προσθήκη ετικέτας
Δεν υπάρχουν, Καταχωρήστε ετικέτα πρώτοι!

MARC

LEADER 00000cam a2200000 i 4500
001 1/18206
008 120305s2008 gre d
020 |a 978-960-445-357-3 
035 |l 10111989 
040 |a GR-MY-UA  |b gre  |e aacr 
041 0 |a gre 
082 0 |a 346.082  |2 (22) 
100 1 |a Ψυχομάνης, Σπύρος Δ. 
245 1 0 |a Τραπεζικό δίκαιο :  |b δίκαιο τραπεζικών συμβάσεων /  |c Σπύρος Δ. Ψυχομάνης 
250 |a 6η έκδ. 
260 |a Αθήνα :   |b Σάκκουλα,   |c 2008 
300 |a 402 σ.;  |c 24 εκ. 
504 |a Περιλαμβάνει βιβλιογραφία και ευρετήριο 
650 0 0 |a Banks and banking. 
650 0 0 |a Banking law. 
650 0 0 |a Banking law  |z Greece. 
852 |a INST  |b CHIOS  |e 20120305  |h 346.082 ΨΥΧ  |p 005200033127  |q 005200033127  |t BK  |y 0 
901 |a BIBL2-2012-1 
970 |a ΠΟΥΛΑΚΗ  |b ΣΤΕΛΛΑ  |z 2012/03/05